The expedition of Humphry Clinker /

Hlavní autor: Smollett, Tobias George, 1721-1771
Jazyk: Angličtina
Vydáno: Leipzig : Bernh. Tauchnitz jn., 1846
Edice: Tauchnitz edition. Collection of British authors
Fyzický popis: 310 stran ; 16 cm
Knihy
Uloženo v:
LEADER 00899nam a22002657i 4500
001 001845276
003 CZ BrMZK
005 20230111120955.0
007 ta
008 230111s1846 gw er|||||||||||eng d
040 |a BOA001  |b cze  |e rda 
100 1 |a Smollett, Tobias George,  |d 1721-1771  |7 jn19990008051  |4 aut 
245 1 4 |a The expedition of Humphry Clinker /  |c by T. Smollett 
264 1 |a Leipzig :  |b Bernh. Tauchnitz jn.,  |c 1846 
300 |a 310 stran ;  |c 16 cm 
336 |a text  |b txt  |2 rdacontent 
337 |a bez média  |b n  |2 rdamedia 
338 |a svazek  |b nc  |2 rdacarrier 
490 1 |a Tauchnitz edition. Collection of British authors ;  |v Vol. XCII 
830 0 |a Tauchnitz edition.  |p Collection of British authors 
910 |a BOA001  |b 1-0077.035,92 
990 |a BK 
993 |a Y 
991 |b 202301 
996 6 |b 2618740356  |c 1-0077.035,92  |l MZK  |r Sklad / do 1 hodiny  |n 0  |w 001911398  |u 000010  |a 1  |e BOA001  |j MZK50  |s P